VIII Censo de población y IV de vivienda Resumen Censal: Censos Nacionales, 2005 Población, Vivienda, Hogar.
| Main Author: | |
|---|---|
| Format: | Section = Libro |
| Language: | Undetermined Spanish |
| Published: |
Managua
INEC
2006
|
| Edition: | 8a.ed. |
| Subjects: |
| LEADER | 00632nam a2200205Ia 4500 | ||
|---|---|---|---|
| 008 | 241007s9999||||xx |||||||||||||| ||und|| | ||
| 040 | |a BIBLIOTECA-RURC/ 312 N583 | ||
| 041 | |a spa | ||
| 082 | |a 312 N583 | ||
| 100 | 1 | |a Nicaragua. Instituto Nacional de Estadísticas y Censos | |
| 245 | 1 | 0 | |a VIII Censo de población y IV de vivienda Resumen Censal: Censos Nacionales, 2005 Población, Vivienda, Hogar. |
| 250 | |a 8a.ed. | ||
| 260 | |a Managua |b INEC |c 2006 | ||
| 300 | |a 226 p. :il. | ||
| 650 | 7 | |a CENSO DE POBLACIÓN | |
| 650 | 7 | |b CENSO DE VIVIENDA | |
| 650 | 7 | |c CENSO DE HOGARES | |
| 942 | |c BK |2 ddc | ||
| 991 | |a TEXTO | ||
| 999 | |c 14269 | ||